01363nam a2200229Ia 4500008004100000020001500041041001200056082001600068100001300084245006600097260003900163300000800202650001600210700001600226942000700242999001500249952017100264952016100435952017100596952019500767952017100962221030s9999 xx 000 0 und d a0071188851 aEnglish a105.23bXan aZ. Xiang 0aSchaum`s Outlines Computer Graphicscby Z. Xiang, R. Plastock bMcGraw Hill Pub.aNew Delhic2001 a347 aBE Computer aR. Plastock cBK c1510d1510 pBE 6062g296.00l0o105.23 Xanr2024-06-13 00:00:00w2022-10-30yBK003Print4070aMIETLIBbMIETLIBcBL-Academic Block C, FL-2, CUP-37, SH-2, R-2d2002-10-2310HBE pBE 6059g296.00l0o105.23 Xiar2024-06-13 00:00:00w2022-10-30yBK003Print4071aMIETLIBbMIETLIBcBL-Second, FL-1, CUP-54, SH-5, R-5d2002-10-2310HBE pBE 6060g296.00l0o105.23 Xiar2024-06-13 00:00:00w2022-10-30yBK003Print4070aMIETLIBbMIETLIBcBL-Academic Block C, FL-2, CUP-37, SH-2, R-2d2002-10-2310HBE pBE 6061g296.00l1o105.23 Xiaq2023-04-23r2023-04-11 00:00:00s2023-04-11w2022-10-30yBK003Print4070aMIETLIBbMIETLIBcBL-Academic Block C, FL-2, CUP-37, SH-2, R-2d2002-10-2310HBE pBE 6063g296.00l0o105.23 Xiar2024-06-13 00:00:00w2022-10-30yBK003Print4070aMIETLIBbMIETLIBcBL-Academic Block A, FL-1, CUP-37, SH-2, R-2d2002-10-2310HBE